000 01045nam a2200217Ii 4500
003 JO-AjNU
008 230605s9999||||xx |||||||||||||| ||und||
017 _a2008/13656
040 _aJO-AjNU
_bara
_erda
_cJO-AjNU
041 _aara
050 1 4 _aHV6773 . H553 2009
100 3 _aحجازي، عبدالفتاح بيومي,
_eauthor
_932451
245 0 0 _aجرائم الكمبيوتر والانترنت في التشريعات العربية: دراسة مقارنة مع التطبيق على نظام مكافحة جرائم المعلوماتية في المملكة العربية السعودية
250 _aط1
264 3 1 _aالقاهرة: دار النهضة العربية، 2009
300 _a270ص
_bيحتوي على ببلوغرافية من 267-270ص
336 _atext
_btxt
_2rdacontent
337 _aunmediated
_bn
_2rdamedia
338 _avolume
_bnc
_2rdacarrier
650 4 _aالإنترنت - جرائم الحاسبات الالكترونية - قوانين وتشريعات - البلاد العربية 
_932452
999 _aA13102
_c16670
_d16670